000 01244nam a2200337 a 4500
001 ebr10430607
003 CaPaEBR
006 m u
007 cr cn|||||||||
008 000118s2000 tnu sb 001 0 eng d
010 _z 00021985
020 _z0687054621 (alk. paper)
020 _z9780687054626
020 _z9781426713415 (e-book)
040 _aCaPaEBR
_cCaPaEBR
035 _a(OCoLC)607682073
050 1 4 _aBJ1251
_b.L69 2000eb
082 0 4 _a241
_221
100 1 _aLovin, Robin W.
245 1 0 _aChristian ethics
_h[electronic resource] :
_ban essential guide /
_cRobin W. Lovin.
260 _aNashville, Tenn. :
_bAbingdon Press,
_cc2000.
300 _a137 p.
490 1 _aAbingdon essential guides
504 _aIncludes bibliographical references and indexes.
533 _aElectronic reproduction.
_bPalo Alto, Calif. :
_cebrary,
_d2013.
_nAvailable via World Wide Web.
_nAccess may be limited to ebrary affiliated libraries.
650 0 _aChristian ethics.
655 7 _aElectronic books.
_2local
710 2 _aebrary, Inc.
830 0 _aAbingdon essential guides.
856 4 0 _uhttp://site.ebrary.com/lib/rucke/Doc?id=10430607
_zAn electronic book accessible through the World Wide Web; click to view
999 _c146142
_d146142